Mercados financieros internacionales

Detalles Bibliográficos
Autores principales: De̕z de Castro, Luis T, Medrano, Mara̕ Luisa (Autor)
Formato: Desconocido
Lenguaje:español
Publicado: Madrid : Dykinson, 2007
Acceso en línea:Acceso restringido

MARC

LEADER 00000ny a22000003n 4500
003 CaPaEBR
005 2011061702582.0
006 m u
007 cr cn|||||||||
008 200807r2007 sp |||||s|||||||||||spa d
020 |a 9788498490008 
035 |a 2346 
040 |a FlNmELB  |c FlNmELB  |d vlex 
050 1 4 |a HG385  |b D532 2007eb 
080 |a 339 
090 |c 1406  |d 1406 
100 1 |a De̕z de Castro, Luis T 
245 1 0 |a Mercados financieros internacionales  |h [Recurso electrn̤ico]  |c Luis T. De̕z de Castro, Mara̕ Luisa Medrano 
256 |a Servicio en ln̕ea 
260 |a Madrid :  |b Dykinson,  |c 2007 
300 |a 6-116 p 
506 1 |a Contenido solo disponible en los productos indicados  |d vLex Global  |d vLex Global (Academic Edition, excluding Law Schools)  |d vLex Global (U.S. Academic Edition, Law Schools)  |d vLex Global (U.S. Academic Edition, excluding Law Schools)  |d vLex Global (Academic Edition, Law Schools) 
700 1 |a Medrano, Mara̕ Luisa,   |e aut 
740 0 |a vLex Libros (Servicios en ln̕ea) 
856 4 0 |u http://vlex.com/source/2346  |z Acceso restringido 
942 |c BOOK